00524nam a2200205 a 4500001001300000003000900013005001700022008004100039020001000080082001600090100001700106245002900123260004500152300000800197500003500205505001500240650003000255650001600285700001700301nice12345678IN_TiNIC20260116012922.0050524s1987 cala grp 000 0 eng  ac10000a294.51bCHA aChatterjee,  aOh! You!! Hindu Awake!!! aCalcuttabMotherindia Publicationsc1987 a96p aincludes index and biblioraphy2 areferences aHinduism-Apologetics work aCaste-India1 aChatterjee,